[Event "XXVII OOM - Mistrzostwa Polski Juniorow Mlodszych - Dziewczeta do lat 14"]
[Site "ApartHotel Termy Uniejow, ul. Termalna 1, 99-210 Uniejow"]
[Date "1899-12-30"]
[Round "2.19"]
[White "Pastuszko, Katarzyna"]
[Black "Jaros, Emilia"]
[Result "1/2-1/2"]
[WhiteTitle "I++"]
[BlackTitle "I"]
[WhiteElo "1580"]
[BlackElo "1241"]

1. e4 e6 2. d4 d5 3. Nd2 c5 4. Ngf3 cxd4 5. exd5 Qxd5 6. Bc4 Qd6 7. O-O Nf6 8.
Nb3 Nc6 9. Nbxd4 Nxd4 10. Qxd4 Qxd4 11. Nxd4 a6 12. Bf4 b5 13. Bxb5+ axb5 14.
Nxb5 Nd5 15. c4 Bd7 16. Bd2 Bxb5 17. cxb5 Bb4 18. Bxb4 Nxb4 19. a4 Ke7 20. Rfc1
Nd5 21. a5 Rhb8 22. b6 Ra6 23. Rcb1 Rba8 24. b7 Rb8 25. b4 Rxb7 26. b5 Ra8 27.
b6 Nxb6 28. axb6 Rxb6 29. g3 Rxa1 30. Rxa1 f5 31. Kg2 h6 32. h4 Kf6 33. f4 g5
34. h5 gxf4 35. gxf4 e5 36. fxe5+ Kxe5 37. Ra8 Kf6 38. Rg8 Ke5 39. Re8+ Kf4 40.
Rg8 Rb2+ 41. Kg1 Rb3 42. Kg2 Rb7 43. Rg6 Rh7 44. Kf2 1/2-1/2

[Event "XXVII OOM - Mistrzostwa Polski Juniorow Mlodszych - Dziewczeta do lat 14"]
[Site "ApartHotel Termy Uniejow, ul. Termalna 1, 99-210 Uniejow"]
[Date "1899-12-30"]
[Round "2.20"]
[White "Makarec, Anna"]
[Black "Kulczycka, Zofia"]
[Result "0-1"]
[WhiteTitle "I"]
[BlackTitle "I"]
[WhiteElo "1206"]
[BlackElo "1470"]

1. e4 c5 2. Nc3 d6 3. g3 Nc6 4. Bg2 g6 5. d3 Bg7 6. Nge2 e5 7. O-O Nge7 8. f4 Nd4
9. h3 O-O 10. g4 f5 11. exf5 gxf5 12. g5 Ng6 13. fxe5 dxe5 14. Nxd4 cxd4 15. Nd5
Rb8 16. c4 f4 17. Qh5 Bf5 18. Rd1 Ne7 19. Nxe7+ Qxe7 20. Bd5+ Kh8 21. b3 Bg6 22.
Qg4 Bf5 23. Qh5 b5 24. a4 bxa4 25. Ba3 Qe8 26. Qh4 axb3 27. Bxf8 Qxf8 28. Rab1
a5 29. Be4 Bxe4 30. dxe4 Qf7 31. Rdc1 a4 32. c5 b2 33. Rc2 Qb3 34. Qf2 a3 35.
c6 d3 36. c7 Rc8 37. Rc6 Qa2 38. Qf1 Qb3 39. Qg2 Qb5 40. Qg4 Qb7 41. Qd7 Qa8 42.
Rd1 a2 43. Rxd3 b1=Q+ 44. Kg2 Qb4 45. Qd8+ Qf8 46. Qxf8+ Bxf8 47. Rd8 Rxd8 48.
cxd8=Q Qxd8 49. Ra6 Qd2+ 50. Kf1 Qd3+ 0-1

[Event "XXVII OOM - Mistrzostwa Polski Juniorow Mlodszych - Dziewczeta do lat 14"]
[Site "ApartHotel Termy Uniejow, ul. Termalna 1, 99-210 Uniejow"]
[Date "1899-12-30"]
[Round "2.21"]
[White "Bar, Klaudia"]
[Black "Dallemura, Julia"]
[Result "1-0"]
[WhiteTitle "I"]
[BlackTitle "I"]
[WhiteElo "1439"]
[BlackElo "1196"]

1. d4 d5 2. c4 e6 3. Nc3 Nf6 4. cxd5 Nxd5 5. e4 Nxc3 6. bxc3 Be7 7. Bc4 O-O 8.
Ne2 c5 9. O-O a6 10. a4 b6 11. Be3 Bb7 12. f3 Nd7 13. g4 Qc7 14. Rc1 h6 15. Qd2
Kh7 16. Rf2 Rad8 17. Qc2 e5 18. d5 Ra8 19. Rg2 g5 20. Ng3 Bc8 21. Rd1 Nf6 22.
Qd2 Bd6 23. Nf5 Ng8 24. Bxg5 Bxf5 25. gxf5 hxg5 26. Qxg5 Nh6 27. Qg7# 1-0

[Event "XXVII OOM - Mistrzostwa Polski Juniorow Mlodszych - Dziewczeta do lat 14"]
[Site "ApartHotel Termy Uniejow, ul. Termalna 1, 99-210 Uniejow"]
[Date "1899-12-30"]
[Round "2.22"]
[White "Grzesik, Nikola"]
[Black "Szmajda, Karolina"]
[Result "1-0"]
[WhiteTitle "I"]
[BlackTitle "I"]
[WhiteElo "1342"]
[BlackElo "1181"]

1. e4 e6 2. Nf3 d5 3. exd5 exd5 4. d4 Nf6 5. Bd3 Bd6 6. O-O O-O 7. Be3 Bg4 8. Nbd2
Nc6 9. c3 h6 10. Qc2 Ne7 11. Ne5 Bh5 12. f4 Ng4 13. Rae1 f5 14. Ndf3 Qc8 15. c4
c6 16. c5 Bc7 17. b4 Nf6 18. a4 a6 19. Bd2 Ne4 20. Qa2 Kh8 21. Qb2 Qe8 22. Rb1
b5 23. axb5 axb5 24. Ra1 Qb8 25. Nd7 Qc8 26. Nxf8 Qxf8 27. Ne5 Rxa1 28. Rxa1 Qb8
29. Be3 Qb7 30. Ra3 Kh7 31. Ra2 Ng6 32. Qa3 Bd1 33. Bc2 Be2 34. Bxe4 Bc4 35. Bxd5
Bxd5 36. Ra1 Bc4 37. g3 Ne7 38. Qa8 Qxa8 39. Rxa8 Nd5 40. Bd2 h5 41. Nxc6 Nf6
42. Ne7 g6 43. Rc8 Bxf4 44. Bxf4 Ne4 45. d5 Nf6 46. d6 Be6 47. Rc7 Ne8 48. d7
Nxc7 49. d8=Q Na6 50. Qf8 Nxb4 51. Qh6# 1-0

[Event "XXVII OOM - Mistrzostwa Polski Juniorow Mlodszych - Dziewczeta do lat 14"]
[Site "ApartHotel Termy Uniejow, ul. Termalna 1, 99-210 Uniejow"]
[Date "1899-12-30"]
[Round "2.23"]
[White "Banasiak, Adrianna"]
[Black "Reszka, Barbara"]
[Result "1-0"]
[WhiteTitle "I"]
[BlackTitle "II+"]
[WhiteElo "1318"]
[BlackElo "1095"]

1. e4 c5 2. Nf3 e6 3. d4 cxd4 4. Nxd4 a6 5. Nc3 b5 6. Bd3 Bb7 7. O-O Qc7 8. Qe2
d6 9. a4 b4 10. Na2 a5 11. f4 Nf6 12. e5 Nfd7 13. f5 dxe5 14. fxe6 fxe6 15. Qh5+
g6 16. Bxg6+ hxg6 17. Qxg6+ Ke7 18. Qf7+ Kd6 19. Nb5+ Kc6 20. Qxe6+ Bd6 21. Nxc7
Kxc7 22. Be3 Nc6 23. Rad1 Nd4 24. Bxd4 exd4 25. Qc4+ Kb6 26. Qe6 Kc7 27. Qc4+
Kb6 28. Rf7 Bxh2+ 29. Kf2 Raf8 30. Qxd4+ Nc5 31. Qf6+ Ka7 32. Rxf8 Ne4+ 33. Kf1
Nxf6 34. Rxh8 Bg3 35. c4 bxc3 36. Nxc3 Ng4 37. Rd7 Kb6 38. Rg8 Ba6+ 39. Nb5 Ne3+
40. Ke2 Nf5 41. Rg6+ Kc5 42. Rxa6 Be5 43. g4 Nd4+ 44. Nxd4 Bxd4 45. Rxd4 Kxd4
46. g5 1-0

[Event "XXVII OOM - Mistrzostwa Polski Juniorow Mlodszych - Dziewczeta do lat 14"]
[Site "ApartHotel Termy Uniejow, ul. Termalna 1, 99-210 Uniejow"]
[Date "1899-12-30"]
[Round "2.24"]
[White "Semeradt, Michalina"]
[Black "Szewczuk, Aleksandra"]
[Result "0-1"]
[WhiteTitle "I"]
[BlackTitle "I"]
[WhiteElo "1065"]
[BlackElo "1317"]

1. d4 Nf6 2. Bg5 d5 3. e3 c6 4. c4 Ne4 5. Bf4 Qa5+ 6. Ke2 dxc4 7. f3 c3 8. Nxc3
Nxc3+ 9. bxc3 Qxc3 10. Rc1 Qa5 11. Qc2 Be6 12. a4 Qd5 13. Kf2 g5 14. Bg3 Bg7 15.
h3 f5 16. Bc4 Qxc4 17. Qxc4 Bxc4 18. Rxc4 O-O 19. Ne2 Nd7 20. a5 e5 21. dxe5 Nxe5
22. Bxe5 Bxe5 23. a6 bxa6 24. Rxc6 Rf6 25. Rhc1 Raf8 26. Rxf6 Rxf6 27. Rc5 Bd6
28. Rd5 Bb4 29. Rd4 a5 30. Rc4 Kg7 31. Nc3 Bxc3 32. Rxc3 Ra6 33. Ra3 a4 34. Ke2
Kf6 35. g3 Ke5 36. Kd3 Kd5 37. e4+ fxe4+ 38. fxe4+ Ke5 39. Ke3 h5 40. Kf3 Ra5
41. Ke3 g4 42. h4 Ra6 43. Kd2 Kxe4 44. Kc2 Ra5 45. Kc3 Ra6 46. Kb4 Rd6 47. Ka5
Rd4 48. Ka6 Kd5 49. Kb5 a6+ 50. Kxa6 Kc5 51. Ka5 Rc4 52. Rd3 Rd4 53. Rc3+ Kd5
54. Kb5 Ke4 55. Kc6 Rd3 56. Rc4+ Kf3 57. Rxa4 Kxg3 58. Ra2 Kxh4 59. Rh2+ Rh3 60.
Rf2 Kg3 0-1

[Event "XXVII OOM - Mistrzostwa Polski Juniorow Mlodszych - Dziewczeta do lat 14"]
[Site "ApartHotel Termy Uniejow, ul. Termalna 1, 99-210 Uniejow"]
[Date "1899-12-30"]
[Round "2.25"]
[White "Kicinska, Magdalena"]
[Black "Bromirska, Roksana"]
[Result "1/2-1/2"]
[WhiteTitle "I+"]
[BlackTitle "II"]
[WhiteElo "1315"]
[BlackElo "1088"]

1. d4 d5 2. Nf3 Nc6 3. c3 Bg4 4. Bf4 Nf6 5. Nbd2 e6 6. e3 a6 7. Bd3 Bd6 8. Bg3
O-O 9. Qc2 h6 10. Ne5 Bxe5 11. Bxe5 Re8 12. h3 Bf5 13. Bxf5 exf5 14. Qxf5 Nxe5
15. dxe5 Nd7 16. Nf3 Qe7 17. Rd1 c6 18. c4 Nxe5 19. Nxe5 Qxe5 20. Qxe5 Rxe5 21.
cxd5 Rxd5 22. Rxd5 cxd5 23. O-O Rc8 24. f4 Rc2 25. Rf2 Rc1+ 26. Rf1 Rc2 27. Rf2
Rc1+ 28. Rf1 Rc2 29. Rf2 Rc1+ 30. Rf1 Rc2 1/2-1/2

[Event "XXVII OOM - Mistrzostwa Polski Juniorow Mlodszych - Dziewczeta do lat 14"]
[Site "ApartHotel Termy Uniejow, ul. Termalna 1, 99-210 Uniejow"]
[Date "1899-12-30"]
[Round "2.26"]
[White "Zapalowska, Wiktoria"]
[Black "Brelinska, Marcelina"]
[Result "1-0"]
[WhiteTitle "I"]
[BlackTitle "II"]
[WhiteElo "1279"]
[BlackElo "1057"]

1. e4 e5 2. Nf3 Nc6 3. Bb5 Nge7 4. O-O g6 5. c3 Bg7 6. d4 exd4 7. cxd4 O-O 8. Nc3
d5 9. exd5 Nxd5 10. Bg5 Qd6 11. h3 Bf5 12. Qd2 a6 13. Ba4 Nb6 14. Bxc6 Qxc6 15.
b3 Nd5 16. Rac1 Nxc3 17. Rxc3 Qd7 18. Re1 Rfe8 19. Rce3 Rxe3 20. fxe3 h6 21. Bf4
g5 22. Bh2 Rd8 23. Qa5 c6 24. Ne5 Qd5 25. Qc7 Bxe5 26. Bxe5 Qd7 27. Qxd7 Rxd7
28. e4 Bg6 29. Kf2 Kf8 30. g4 Ke7 31. Bg7 h5 32. Ke3 hxg4 33. hxg4 Ke6 34. Rf1
Ke7 35. Bf6+ Ke8 36. Bxg5 a5 37. a3 b5 38. Rh1 Ra7 39. Rh8+ Kd7 40. Rd8+ Kc7 41.
Re8 Kb7 42. Kd3 Ra8 43. Re7+ Kb6 44. Kc3 Ra7 45. d5 Rxe7 46. Bxe7 c5 47. e5 Be4
48. Bd8+ Kb7 49. d6 Ka6 50. g5 Bd5 51. Bxa5 Be6 52. Bd8 Kb7 53. a4 b4+ 54. Kb2
Kc6 55. a5 Kb7 56. Bb6 Kc6 57. Kc2 Bf5+ 58. Kd2 Be6 59. Ke3 Bxb3 60. Bxc5 Be6
61. Bxb4 Kb5 62. Bd2 Kc6 63. Kf4 Kb7 64. g6 fxg6 65. Kg5 Kc6 66. Kxg6 Bc8 67.
Kf6 Kd5 68. a6 Bxa6 69. d7 Kc6 70. d8=Q Kb5 71. Qc7 Ka4 72. Qa5+ Kb3 73. Qc3+
Ka2 74. Bc1 Kb1 75. Qd2 1-0

[Event "XXVII OOM - Mistrzostwa Polski Juniorow Mlodszych - Dziewczeta do lat 14"]
[Site "ApartHotel Termy Uniejow, ul. Termalna 1, 99-210 Uniejow"]
[Date "1899-12-30"]
[Round "3.1"]
[White "Pawicka, Magdalena"]
[Black "Oborska, Magda"]
[Result "0-1"]
[WhiteTitle "k+"]
[BlackTitle "I++"]
[WhiteElo "1816"]
[BlackElo "1537"]

1. Nf3 d5 2. g3 c5 3. Bg2 Nf6 4. O-O g6 5. c4 Bg7 6. d3 O-O 7. Nbd2 Re8 8. cxd5
Nxd5 9. Nc4 Nc6 10. a3 e5 11. Qc2 b6 12. Rb1 Bb7 13. b3 Nd4 14. Nxd4 exd4 15.
Re1 Rb8 16. Bb2 f5 17. e4 dxe3 18. Nxe3 Bxb2 19. Rxb2 Nxe3 20. Rxe3 Rxe3 21. Qc4+
Kg7 22. fxe3 Bxg2 23. Kxg2 Qf6 24. Re2 Qc6+ 25. Kf2 Qh1 26. Qh4 Re8 27. e4 Qd1
28. e5 Qxd3 29. Qf6+ Kg8 30. e6 Qd4+ 31. Qxd4 cxd4 32. Rd2 Rxe6 33. Rxd4 Kf7 34.
b4 Ke7 35. Rd3 Rc6 36. Kf3 Rc7 37. h4 h6 38. Kf4 Ke6 39. Re3+ Kf6 40. Kf3 g5 41.
hxg5+ hxg5 42. b5 Rc5 43. Rb3 Ke5 44. Kf2 Kd4 45. Rb4+ Rc4 46. Rb3 Rc2+ 47. Kf1
Rc3 48. Rb4+ Kc5 49. Ra4 Kxb5 50. Rxa7 Rxg3 51. Kf2 f4 52. a4+ Kb4 53. Rb7 Kxa4
54. Rxb6 Rb3 55. Rg6 Rb5 56. Kf3 Kb4 57. Ke4 Kc3 58. Rd6 Rb4+ 59. Kf3 Rd4 60.
Rg6 Rd3+ 61. Ke4 Rg3 62. Rd6 Re3+ 63. Kf5 f3 64. Kxg5 f2 65. Rf6 Re2 66. Kg4 Kd2
67. Kg3 Ke1 68. Rc6 Re3+ 69. Kh2 0-1

[Event "XXVII OOM - Mistrzostwa Polski Juniorow Mlodszych - Dziewczeta do lat 14"]
[Site "ApartHotel Termy Uniejow, ul. Termalna 1, 99-210 Uniejow"]
[Date "1899-12-30"]
[Round "3.2"]
[White "Tokarz, Izabela"]
[Black "Sprzeczka, Emilia"]
[Result "1-0"]
[WhiteTitle "I++"]
[BlackTitle "I"]
[WhiteElo "1681"]
[BlackElo "1431"]

1. d4 Nf6 2. c4 e6 3. Nc3 Bb4 4. e3 c5 5. d5 d6 6. g3 Ne4 7. Bd2 Bxc3 8. Bxc3 Nxc3
9. bxc3 e5 10. e4 O-O 11. g4 Qg5 12. Be2 Qf4 13. f3 h5 14. Nh3 Qf6 15. Nf2 Qh4
16. Qd2 hxg4 17. fxg4 Bd7 18. Qe3 a6 19. a4 Bc8 20. Kd2 f6 21. Kc2 g5 22. Rag1
Kg7 23. Rg3 Qh6 24. h4 Nd7 25. a5 b5 26. Nd1 Rb8 27. Qg1 b4 28. Ne3 Kg8 29. Nf5
Qh7 30. hxg5 1-0

[Event "XXVII OOM - Mistrzostwa Polski Juniorow Mlodszych - Dziewczeta do lat 14"]
[Site "ApartHotel Termy Uniejow, ul. Termalna 1, 99-210 Uniejow"]
[Date "1899-12-30"]
[Round "3.3"]
[White "Zalewska, Malgorzata"]
[Black "Lazniewska, Zofia"]
[Result "0-1"]
[WhiteTitle "I"]
[BlackTitle "I+"]
[WhiteElo "1328"]
[BlackElo "1625"]

1. e4 c5 2. Nf3 a6 3. d4 cxd4 4. Nxd4 e5 5. Nf3 Nf6 6. Nc3 Nc6 7. Bc4 Bb4 8. Qd3
O-O 9. O-O h6 10. Nd5 Bc5 11. Be3 d6 12. h3 Nb4 13. Nxb4 Bxb4 14. Rfd1 Qc7 15.
Rac1 b5 16. Bb3 Bb7 17. Nd2 Bxd2 18. Qxd2 Nxe4 19. Qd3 Rad8 20. f3 Nc5 21. Qd2
d5 22. Kh1 d4 23. Bxh6 gxh6 24. Qxh6 Qd6 25. Qg5+ Kh7 26. Qf5+ Qg6 27. Qxe5 Nxb3
28. cxb3 Rg8 29. Rg1 Rd5 30. Qe2 d3 31. Qf2 Rh5 32. Rc7 Bd5 33. Qe3 Be6 34. f4
d2 35. Qxd2 Rxh3+ 36. gxh3 Qxg1# 0-1

[Event "XXVII OOM - Mistrzostwa Polski Juniorow Mlodszych - Dziewczeta do lat 14"]
[Site "ApartHotel Termy Uniejow, ul. Termalna 1, 99-210 Uniejow"]
[Date "1899-12-30"]
[Round "3.4"]
[White "Janikowska, Wiktoria"]
[Black "Gladyszewska, Kinga"]
[Result "1/2-1/2"]
[WhiteTitle "I+"]
[BlackTitle "I"]
[WhiteElo "1610"]
[BlackElo "1293"]

1. e4 e5 2. Nf3 Nc6 3. Bc4 h6 4. d3 Nf6 5. c3 Be7 6. a4 a5 7. O-O O-O 8. Re1 d6
9. Nbd2 Be6 10. Qb3 Qc8 11. d4 Bxc4 12. Nxc4 exd4 13. Nxd4 Ne5 14. Nf5 Re8 15.
Nxe5 dxe5 16. c4 Bf8 17. Qg3 Kh7 18. Qh4 Ng8 19. Bd2 g6 20. Ne3 c6 21. Bc3 Qe6
22. Rad1 Nf6 23. Nc2 g5 24. Qg3 Qxc4 25. Qf3 Qe6 26. Qf5+ Kg7 27. Ne3 Bc5 28.
Qxe6 Rxe6 29. h3 Nxe4 30. Nf5+ Kg6 31. Nh4+ gxh4 32. Rxe4 f6 33. Rxh4 b6 34. Rg4+
Kf7 35. Rd3 Rg8 36. Rh4 Rg6 37. Rd7+ Re7 38. Rxe7+ Bxe7 39. Rc4 c5 40. Rh4 Ke6
41. Bd2 Bf8 42. f4 f5 43. fxe5 Kxe5 44. Bf4+ Kd5 45. Kf2 Kc6 46. Rh5 Rf6 47. Be5
1/2-1/2

[Event "XXVII OOM - Mistrzostwa Polski Juniorow Mlodszych - Dziewczeta do lat 14"]
[Site "ApartHotel Termy Uniejow, ul. Termalna 1, 99-210 Uniejow"]
[Date "1899-12-30"]
[Round "3.5"]
[White "Staniewicz, Adrianna"]
[Black "Szczotka, Klara"]
[Result "1/2-1/2"]
[WhiteTitle "WCM"]
[BlackTitle "k+"]
[WhiteElo "1301"]
[BlackElo "1916"]

1. e4 c5 2. Nc3 e6 3. Nge2 Nc6 4. d4 cxd4 5. Nxd4 Qc7 6. Nb3 a6 7. Bd3 Nf6 8. Bd2
Be7 9. O-O d6 10. f4 Bd7 11. Kh1 Rc8 12. g4 h6 13. g5 hxg5 14. fxg5 Nh5 15. Qf3
Ne5 16. Qg2 Bc6 17. Nd4 b5 18. Nxc6 Qxc6 19. a3 Qc7 20. Be2 Qd8 21. Rac1 g6 22.
a4 b4 23. Nd1 a5 24. Bb5+ Kf8 25. c3 Kg7 26. cxb4 Rxc1 27. Bxc1 axb4 28. Bd2 d5
29. exd5 Qxd5 30. Qxd5 exd5 31. Kg2 d4 32. Nf2 Rc8 33. Rc1 Rxc1 34. Bxc1 f5 35.
gxf6+ Nxf6 36. Nd3 Nxd3 37. Bxd3 Nd7 38. Bd2 Ne5 39. Bb5 Kf6 40. a5 Bc5 41. b3
Ng4 42. Kg3 Ne3 43. a6 Ke5 1/2-1/2

[Event "XXVII OOM - Mistrzostwa Polski Juniorow Mlodszych - Dziewczeta do lat 14"]
[Site "ApartHotel Termy Uniejow, ul. Termalna 1, 99-210 Uniejow"]
[Date "1899-12-30"]
[Round "3.6"]
[White "Lewicka, Joanna"]
[Black "Seemann, Pola"]
[Result "1/2-1/2"]
[WhiteTitle "I"]
[BlackTitle "I++"]
[WhiteElo "1252"]
[BlackElo "1607"]

1. e4 e5 2. Nf3 Nc6 3. Bc4 Nf6 4. d3 Bc5 5. c3 a6 6. O-O Ba7 7. Re1 d6 8. h3 h6
9. d4 Qe7 10. d5 Na5 11. Qa4+ b5 12. Qxa5 bxc4 13. Qa4+ Bd7 14. Qxc4 Bb5 15. Qb3
Rb8 16. c4 Bd7 17. Qc3 O-O 18. Nbd2 c6 19. Nf1 Rfc8 20. Qd3 cxd5 21. cxd5 Bb5
22. Qd1 Rc4 23. Ng3 Qc7 24. b3 Rc2 25. Bd2 Rc8 26. Rc1 Bd3 27. Rxc2 Qxc2 28. Qxc2
Rxc2 29. Be3 Bb8 30. Nd2 Rxa2 31. Rc1 Rc2 32. Rxc2 Bxc2 33. f3 Bc7 34. b4 a5 35.
bxa5 Bxa5 36. Nc4 Bb4 37. Nf5 Ne8 38. Ba7 Bb3 39. Nb6 Bc5+ 40. Kf1 h5 41. Nc8
Bc4+ 42. Ke1 Bxa7 43. Nxa7 g6 44. Ne3 Ba6 45. Nc6 Kf8 46. Kd2 Nc7 47. Kc3 Ke8
48. g3 Be2 49. f4 f6 50. f5 g5 51. h4 gxh4 52. gxh4 Bf3 53. Kd3 Na6 54. Nc4 Kd7
55. Ke3 1/2-1/2

[Event "XXVII OOM - Mistrzostwa Polski Juniorow Mlodszych - Dziewczeta do lat 14"]
[Site "ApartHotel Termy Uniejow, ul. Termalna 1, 99-210 Uniejow"]
[Date "1899-12-30"]
[Round "3.7"]
[White "Kawa, Anna"]
[Black "Bandyk, Joanna"]
[Result "1/2-1/2"]
[WhiteTitle "I"]
[BlackTitle "I"]
[WhiteElo "1440"]
[BlackElo "1186"]

1. e4 c5 2. Nf3 d6 3. Bb5+ Nd7 4. Bxd7+ Bxd7 5. O-O Nf6 6. Re1 e5 7. c3 Be7 8.
d3 O-O 9. Be3 Qc7 10. Nbd2 d5 11. exd5 Nxd5 12. Nc4 f6 13. Rc1 Rad8 14. d4 Nxe3
15. Nxe3 cxd4 16. Qb3+ Kh8 17. cxd4 Qb8 18. dxe5 fxe5 19. Nc4 Be6 20. Qe3 Bb4
21. Rf1 Bxc4 22. Rxc4 Bd6 23. Re4 Rf4 24. Ng5 Rf6 25. Re1 Qc7 26. Qh3 h6 27. Ne6
Qb6 28. Rf1 Re8 29. Ng5 Ref8 30. Re2 Rf5 31. Ne4 Bc5 32. Nxc5 Qxc5 33. Qe3 Qxe3
34. Rxe3 g5 1/2-1/2

[Event "XXVII OOM - Mistrzostwa Polski Juniorow Mlodszych - Dziewczeta do lat 14"]
[Site "ApartHotel Termy Uniejow, ul. Termalna 1, 99-210 Uniejow"]
[Date "1899-12-30"]
[Round "3.8"]
[White "Pniewska, Beata"]
[Black "Walentyn, Zuzanna"]
[Result "1-0"]
[WhiteTitle "I"]
[BlackTitle "II"]
[WhiteElo "1400"]
[BlackElo "1297"]

1. c4 Nf6 2. g3 g6 3. Bg2 Bg7 4. Nc3 O-O 5. Nf3 d6 6. O-O Nc6 7. d4 e6 8. Bf4 Bd7
9. Rc1 Ne7 10. e4 Nh5 11. Be3 f5 12. exf5 exf5 13. Qb3 Bc6 14. d5 Bd7 15. c5 Bc8
16. Ne2 Nf6 17. Nf4 Kh8 18. Nd4 Rf7 19. Nde6 Bxe6 20. Nxe6 Qd7 21. c6 bxc6 22.
dxc6 Qc8 23. Ng5 Rf8 24. Nf7+ Rxf7 25. Qxf7 Nfg8 26. Qb3 Rb8 27. Qd3 Rxb2 28.
Bd4 Rxa2 29. Qb3 Ra6 30. Bxg7+ Kxg7 31. Qb7 Nf6 32. Rfe1 Nfg8 33. Bd5 Rb6 34.
Qxc8 Nxc8 35. Bxg8 Kxg8 36. Re8+ Kf7 37. Rxc8 d5 38. Rxc7+ Ke6 39. Rb7 Rxc6 40.
Rxc6+ Ke5 41. Kf1 a5 42. Re7+ Kd4 43. Ke2 a4 44. Kd2 a3 45. f3 a2 46. Re3 a1=Q
47. Rd3+ Ke5 48. f4+ Ke4 49. Re6+ Qe5 50. Rxe5# 1-0

[Event "XXVII OOM - Mistrzostwa Polski Juniorow Mlodszych - Dziewczeta do lat 14"]
[Site "ApartHotel Termy Uniejow, ul. Termalna 1, 99-210 Uniejow"]
[Date "1899-12-30"]
[Round "3.9"]
[White "Nowak, Zuzanna"]
[Black "Szopa, Emilia"]
[Result "1-0"]
[WhiteTitle "I"]
[BlackTitle "I++"]
[WhiteElo "1353"]
[BlackElo "1699"]

1. e4 c5 2. c3 d5 3. exd5 Qxd5 4. d4 Nc6 5. Nf3 Bf5 6. Be3 Nf6 7. Be2 Ng4 8. O-O
e6 9. h3 Nxe3 10. fxe3 Qe4 11. Qd2 Be7 12. Bc4 g5 13. g4 Bxg4 14. hxg4 Qxg4+ 15.
Kf2 O-O-O 16. Qc2 Qh5 17. Nbd2 cxd4 18. cxd4 g4 19. Rh1 Qa5 20. Nb3 Qc7 21. Nfd2
h5 22. Rag1 Kb8 23. a3 Rdg8 24. Ne4 h4 25. Nbc5 Bxc5 26. Nxc5 Qd6 27. Qb3 b6 28.
Na6+ Ka8 29. Bb5 g3+ 30. Kg2 Na5 31. Qc2 h3+ 32. Rxh3 f5 33. Rxh8 Rxh8 34. Rh1
Rxh1 35. Qc8+ 1-0

[Event "XXVII OOM - Mistrzostwa Polski Juniorow Mlodszych - Dziewczeta do lat 14"]
[Site "ApartHotel Termy Uniejow, ul. Termalna 1, 99-210 Uniejow"]
[Date "1899-12-30"]
[Round "3.10"]
[White "Kulczycka, Zofia"]
[Black "Romejko, Jagoda"]
[Result "0-1"]
[WhiteTitle "I"]
[BlackTitle "I"]
[WhiteElo "1470"]
[BlackElo "1350"]

1. e4 e5 2. Nf3 Nc6 3. Bb5 a6 4. Ba4 Nf6 5. d4 exd4 6. O-O Be7 7. Re1 O-O 8. e5
Nd5 9. Bb3 Nb6 10. Nxd4 d5 11. exd6 Bxd6 12. Nxc6 bxc6 13. Nc3 Qh4 14. g3 Qh3
15. Qf3 Bb7 16. a3 Rab8 17. Qg2 Qf5 18. Qe4 Qd7 19. f3 Rfe8 20. Qxe8+ Rxe8 21.
Be3 c5 22. Kg2 Qg4 0-1

[Event "XXVII OOM - Mistrzostwa Polski Juniorow Mlodszych - Dziewczeta do lat 14"]
[Site "ApartHotel Termy Uniejow, ul. Termalna 1, 99-210 Uniejow"]
[Date "1899-12-30"]
[Round "3.11"]
[White "Grzesik, Nikola"]
[Black "Slusarczyk, Anna"]
[Result "1/2-1/2"]
[WhiteTitle "I"]
[BlackTitle "I+"]
[WhiteElo "1342"]
[BlackElo "1464"]

1. c4 f5 2. Nc3 Nf6 3. g3 d6 4. d4 c6 5. Nf3 g6 6. Bg2 Bg7 7. O-O O-O 8. Bf4 Qe8
9. Qb3 Kh8 10. d5 h6 11. h4 Nh5 12. Bd2 e5 13. dxe6 Qxe6 14. e3 Nd7 15. Ne2 Ne5
16. Ned4 Qe7 17. Nxe5 dxe5 18. Nxc6 bxc6 19. Bxc6 Be6 20. Bxa8 Rxa8 21. Qd3 Rd8
22. Bb4 Qc7 23. Qc2 Qxc4 24. Qxc4 Bxc4 25. Rfc1 Be2 26. Rc7 a6 27. Bc3 e4 28.
Re1 Bb5 29. Ba5 Rd5 30. b3 Bd3 31. Bb4 Be5 32. Rc8+ Kh7 33. Rc6 1/2-1/2

[Event "XXVII OOM - Mistrzostwa Polski Juniorow Mlodszych - Dziewczeta do lat 14"]
[Site "ApartHotel Termy Uniejow, ul. Termalna 1, 99-210 Uniejow"]
[Date "1899-12-30"]
[Round "3.12"]
[White "Banasiak, Adrianna"]
[Black "Bar, Klaudia"]
[Result "1/2-1/2"]
[WhiteTitle "I"]
[BlackTitle "I"]
[WhiteElo "1318"]
[BlackElo "1439"]

1. e4 c5 2. Nf3 Nc6 3. c3 d5 4. e5 Bf5 5. d4 cxd4 6. cxd4 e6 7. a3 Nge7 8. Bb5
a6 9. Bxc6+ Nxc6 10. O-O Be7 11. Nc3 O-O 12. Be3 Na5 13. b4 Nc4 14. Qb3 Rc8 15.
Rac1 h6 16. Na4 b5 17. Nc5 Bxc5 18. bxc5 Qa5 19. Ra1 Be4 20. Qb4 Bxf3 21. gxf3
Rb8 22. Qxa5 Nxa5 23. Rfb1 Nc4 24. Rb3 Na5 25. Rbb1 Nc4 26. Rb3 Na5 27. Rbb1 Nc4
28. Rb3 Na5 29. Rbb1 Nc4 30. Rb3 Na5 1/2-1/2

[Event "XXVII OOM - Mistrzostwa Polski Juniorow Mlodszych - Dziewczeta do lat 14"]
[Site "ApartHotel Termy Uniejow, ul. Termalna 1, 99-210 Uniejow"]
[Date "1899-12-30"]
[Round "3.13"]
[White "Szewczuk, Aleksandra"]
[Black "Nieckarz, Maja"]
[Result "0-1"]
[WhiteTitle "I"]
[BlackTitle "I"]
[WhiteElo "1317"]
[BlackElo "1430"]

1. Nf3 Nf6 2. d4 g6 3. Bf4 Bg7 4. e3 d6 5. Be2 O-O 6. h3 a6 7. O-O Nc6 8. Nbd2
Nd7 9. c3 e5 10. Bh2 f5 11. dxe5 Ndxe5 12. Nc4 Qe7 13. Nd4 Bd7 14. Qb3 Qf7 15.
Nxe5 Qxb3 16. Nxb3 Nxe5 17. Rad1 Be6 18. Nc1 Rab8 19. b3 b5 20. Nd3 Nxd3 21. Rxd3
a5 22. Rc1 a4 23. bxa4 bxa4 24. Rd2 a3 25. Bf4 Rb2 26. Rxb2 axb2 27. Rb1 Bxc3
28. Bd3 Bxa2 29. Rd1 Rb8 30. Bb1 Bxb1 31. Rxb1 Ra8 0-1

[Event "XXVII OOM - Mistrzostwa Polski Juniorow Mlodszych - Dziewczeta do lat 14"]
[Site "ApartHotel Termy Uniejow, ul. Termalna 1, 99-210 Uniejow"]
[Date "1899-12-30"]
[Round "3.15"]
[White "Leks, Emilia"]
[Black "Niedorys, Karolina"]
[Result "0-1"]
[WhiteTitle "II+"]
[BlackTitle "I"]
[WhiteElo "1213"]
[BlackElo "1413"]

1. c4 e5 2. Nc3 Nf6 3. g3 d5 4. cxd5 Nxd5 5. Bg2 Nb6 6. Nf3 Nc6 7. O-O Be7 8. d3
O-O 9. a3 a5 10. Rb1 Be6 11. Be3 f5 12. Qc1 Qd7 13. Bg5 Bxg5 14. Nxg5 f4 15. Nb5
Bd5 16. Bxd5+ Nxd5 17. Qc4 Kh8 18. d4 h6 19. Ne4 Nb6 20. Qd3 exd4 21. Nc5 Qh3
22. Nxc7 Ne5 23. Qe4 f3 24. exf3 Nxf3+ 25. Qxf3 Rxf3 26. Nxa8 Nxa8 27. Nxb7 Rf5
28. Rfe1 Kh7 29. Re4 Rh5 30. Ree1 d3 0-1

[Event "XXVII OOM - Mistrzostwa Polski Juniorow Mlodszych - Dziewczeta do lat 14"]
[Site "ApartHotel Termy Uniejow, ul. Termalna 1, 99-210 Uniejow"]
[Date "1899-12-30"]
[Round "3.16"]
[White "Feliks, Agnieszka"]
[Black "Pietryk, Joanna"]
[Result "0-1"]
[WhiteTitle "I"]
[BlackTitle "I"]
[WhiteElo "1156"]
[BlackElo "1385"]

1. e4 c5 2. Nf3 d6 3. d4 cxd4 4. Nxd4 Nf6 5. Nc3 Nc6 6. f3 e6 7. Be3 g6 8. Qd2
Bg7 9. O-O-O d5 10. Nb3 dxe4 11. Qxd8+ Nxd8 12. Nxe4 Nxe4 13. fxe4 Nc6 14. Bc5
Bd7 15. g4 Rc8 16. Bg2 b6 17. Bd4 Nxd4 18. Nxd4 e5 19. Nf3 Bxg4 20. h3 Be6 21.
a3 Bb3 22. Rdg1 Bxc2 23. b4 Bxe4+ 24. Kd1 Rc3 25. Nd2 Bxg2 26. Rxg2 Rxa3 27. Ke2
f5 28. Rgg1 e4 29. Nc4 Rd3 30. Rd1 Rxd1 31. Rxd1 Ke7 32. Ne3 Rd8 33. Rc1 Bh6 34.
Rc7+ Rd7 35. Nd5+ Kd6 36. Rxd7+ Kxd7 37. Nf6+ Ke6 38. Ne8 Bf4 39. Ng7+ Kf7 40.
Nxf5 gxf5 41. b5 Ke6 42. h4 Bg3 43. h5 f4 44. h6 f3+ 45. Kf1 e3 46. Kg1 e2 47.
Kh1 e1=Q# 0-1